• 首页
  • 本馆介绍
  • 公告通知
  • 最新文献
  • 馆藏检索
  • 电子资源
  • 读者导购
  • 参考咨询
  • 我的图书馆
  • 登录
  • 详细信息显示
  • 放入我的书架
  • 预约/预借图书
  • 作者相关作品
  • 分类相关作品
  • 丛书相关作品
  • 出版社相关作品

书目信息

  • 表格格式
  • 工作单格式
  • 卡片格式
书名: 新编养鸡手册
作者: 田先威和夫等编著.
分册号:
分册名:
出版地: 东京 :
 
出版社: 株式会社养贤堂
出版时间: 1982.
页数: 676 p. ;
开本: 20cm.
丛书名:
中图分类号:
科图分类号:
其他分类号: S831.4
主题词:
电子资源:
000 00426nam 2200169 a 4500
001 E0759700377
005 20070718164004.81
008 070718s1982 00010 eng
040    @aPFT@bchi
041    @achi@bchi@hjpn
090    @aS831.4
099    @dS831.4@ex6
245    @a新编养鸡手册 / @c田先威和夫等编著.
260    @a东京 :@b株式会社养贤堂,@c1982.
300    @a676 p. ;@c20cm.
650    @a科技致富
700    @a田先威和夫等编著
    
    新编养鸡手册 / / 田先威和夫等编著.-东京 : : 株式会社养贤堂, , 1982.
    676 p. ; ; 20cm.
    
    
    ISBN
    
●
相关链接 在E读中查询图书 在五车中查询图书 在当当中查询图书 在豆瓣中查询图书


正题名:新编养鸡手册     索取号:S831.4/x6         预约/预借

序号 登录号 条形码 馆藏地/架位号 状态 备注
1 152581   001303351   第四借阅区/ [索取号:S831.4/x6] 在馆    
2 152582   001303360   第四借阅区/ [索取号:S831.4/x6] 在馆    
3 152583   001303379   第二样本阅览室/ [索取号:S831.4/x6] 在馆    
唐山师范学院图书馆 欢迎您!
大连网信软件有限公司© 版权所有